Construction Resources and Waste Roadmap (Record no. 111205)

MARC details
000 -LEADER
fixed length control field 01045cad a22002055a 4500
001 - CONTROL NUMBER
control field L151172
008 - FIXED-LENGTH DATA ELEMENTS--GENERAL INFORMATION
fixed length control field 101005s2010 xxk f 000 0 eng d
035 ## - SYSTEM CONTROL NUMBER
System control number (Sirsi) u151172
041 0# - LANGUAGE CODE
Language code of text/sound track or separate title eng
100 1# - MAIN ENTRY--PERSONAL NAME
Personal name Hobbs, Gilli
110 2# - MAIN ENTRY--CORPORATE NAME
Corporate name or jurisdiction name as entry element Construction Resources and Waste Platform
245 00 - TITLE STATEMENT
Title Construction Resources and Waste Roadmap
Remainder of title 2010 update
Medium [electronic resource]
260 ## - PUBLICATION, DISTRIBUTION, ETC.
Place of publication, distribution, etc. Garston
Name of publisher, distributor, etc. BRE
Date of publication, distribution, etc. 2010
520 ## - SUMMARY, ETC.
Summary, etc. Update on the 2008 Construction Resources and Waste Platform (CRWP) action plan to achieve greater resource efficiency in the construction sector; general industry update, activities and outputs; table of key construction and demolition facts in other countries; EU legislation; case studies from Japan and The Netherlands; recommendations.
590 ## - LOCAL NOTE (RLIN)
Local note KA NTK
651 #4 - SUBJECT ADDED ENTRY--GEOGRAPHIC NAME
Geographic name International
690 ## - LOCAL SUBJECT ADDED ENTRY--TOPICAL TERM (OCLC, RLIN)
Topical term or geographic name as entry element ENVIRONMENTAL AND LAND CONSULTANCY-WASTE MANAGEMENT
856 48 - ELECTRONIC LOCATION AND ACCESS
Uniform Resource Identifier <a href="https://www.crwplatform.co.uk/conwaste/assets/Publications/Roadmap-report.pdf">https://www.crwplatform.co.uk/conwaste/assets/Publications/Roadmap-report.pdf</a>
Public note View the website free of charge at www.crwplatform.co.uk
942 ## - ADDED ENTRY ELEMENTS (KOHA)
Suppress in OPAC 0
Holdings
Withdrawn status Lost status Source of classification or shelving scheme Damaged status Not for loan Home library Current library Shelving location Date acquired Total Checkouts Full call number Barcode Date last seen Copy number Price effective from Koha item type
    Dewey Decimal Classification     Virtual Virtual Online 05/10/2010   ONLINE PUBLICATION 151172-1001 06/08/2019 1 06/08/2019 Book